The Drood murder case ; five studies in Dickens's Edwin Drood.

Bibliographic Details
Main Author: Baker, Richard Merriam, 1896-
Format: Book
Language:English
Published: Berkeley : University of Calfornia Press, 1951.
Subjects:

MARC

Tag First Indicator Second Indicator Subfields
LEADER 00000cam a2200000 4500
001 in00000031757
005 20151007063112.0
008 750731s1951 cau 00000 eng u
010 |a  51062073  
035 |a (OCoLC)01496039 
035 |9 AAD6565AM 
040 |c JPL  |d OCL  |d TXA  |d UtOrBLW 
049 |a TXAM  |c [195631] 
050 0 0 |a PR4564  |b .B3 
082 0 |a 823.83 
092 |a 823  |b D548Yb 
100 1 |a Baker, Richard Merriam,  |d 1896- 
245 1 4 |a The Drood murder case ;  |b five studies in Dickens's Edwin Drood. 
264 1 |a Berkeley :  |b University of Calfornia Press,  |c 1951. 
300 |a xi, 195 pages ;  |c 23 cm. 
336 |a text  |b txt  |2 rdacontent 
337 |a unmediated  |b n  |2 rdamedia 
338 |a volume  |b nc  |2 rdacarrier 
600 1 0 |a Dickens, Charles,  |d 1812-1870.  |t Mystery of Edwin Drood. 
999 |a MARS 
999 f f |s ae5f931d-46fe-3e07-a501-226c3e67e5ab  |i 6c500633-3fae-3061-a7b3-968dc0069af8  |t 0 
952 f f |p normal  |a Texas A&M University  |b College Station  |c Sterling C. Evans Library  |d Evans: Library Stacks  |t 0  |e PR4564 .B3  |h Library of Congress classification  |i unmediated -- volume  |m A14801316396 
998 f f |a PR4564 .B3  |t 0  |l Evans: Library Stacks